Zmiany warunków dzialania podmiotów gospodarczych.

Z prác poľského Ústredného plánovacieho úradu. Privatizácia štátnych podnikov. Korigujúce systémové a úpadkové konanie - ich charakteristika, podmienky a zúčastnené subjekty. Niektoré zmeny a doplnky nástrojov riadenia v roľníctve a potravinárskom hospodárstve.

Na minha lista:
Detalhes bibliográficos
Formato: Capítulo de Livro
Idioma:polonês
Assuntos:
Tags: Adicionar Tag
Sem tags, seja o primeiro a adicionar uma tag!

MARC

LEADER 00000naa a2200000 4500
001 r003162
005 20220819193222.5
041 0 |a pol 
044 |a PL 
245 1 0 |a Zmiany warunków dzialania podmiotów gospodarczych. 
520 |a Z prác poľského Ústredného plánovacieho úradu. Privatizácia štátnych podnikov. Korigujúce systémové a úpadkové konanie - ich charakteristika, podmienky a zúčastnené subjekty. Niektoré zmeny a doplnky nástrojov riadenia v roľníctve a potravinárskom hospodárstve. 
610 2 0 |a činnosť hospodárska 
610 2 0 |a podnik štátny 
610 2 0 |a privatizácia 
610 2 0 |a nástroje riadenia 
610 2 0 |a roľníctvo 
610 2 0 |a potravinárstvo 
610 2 0 |a PR